1721 1157 1586 1496 1573 1375 1307 1950 1196 1749 1601 1501 1641 1855 1414 1612 1547 1879 1621 1754 1491 1536 1443 1889 1960 1241 1001 1135 1256 1745 1922 1806 1125 1601 1058 1940 1485 1348 1960 1567 1874 1479 1549 1519 1604 1476 1621 1994 1966 1492 1951 1575 1907 1363 1159 1786 1737 1909 1880 1091 1692 1008 1849 1058 1598 1839 1982 1984 1337 1754 1276 1530 1804 1299 1867 1166 1958 1871 1178 1621 1479 1324 1874 1348 1655 1707 1642 1945 1675 1128 1634 1100 1470 1398 1901 1424 1478 1841 1056 BCNSPRNW ULIB Ver.6.0+V

เปลี่ยนเป็นภาษาไทย

Change to English
 แสดงรายละเอียดบรรณานุกรม
  กลับหน้าหลัก

Brief Record : Get Marc (ISO 2709) : E-mail record : QR code < ปิดหน้าต่าง
LEADER : 00000nam 2200000uu 4500
001    13399109344
003     ULIB
008    110329s2551||||th 000 0 tha d
020    9789741109043
041 1  tha^heng
060 04 WA754^bม122ก 2551
245 00 การคุ้มครองสุขภาพจากควันบุหรี่มือสอง :^bข้อเสนอแนะเชิงนโยบาย = Protection from exposure to second-hand tobacco smoke : Policy recommendations /^cแปลโดย อมรรัตน์ โพธิพรรค ; เรียบเรียงโดย มณฑา เก่งการพานิช, ลักขณา เติมศิริกุลชัย
246 31 Protection from exposure to second-hand tobacco smoke :Policy recommendations
250    พิมพ์ครั้งที่ 1
260    กรุงเทพฯ :^bศูนย์วิจัยและจัดการความรู้เพื่อการควบคุมยาสูบ(ศจย.),^c2551
300    75 หน้า ;^c21 ซม.
500    สนับสนุนโดย สำนักงานกองทุนสนับสนุนการสร้างเสริมสุขภาพ(สสส.)
650  7 การได้รับควันบุหรี่ทางอ้อม
650  7 คนไม่สูบบุหรี่^xการคุ้มครอง^xนโยบายของรัฐ
650  7 การสูบบุหรี่^xกฎหมายและระเบียบข้อบังคับ
650  7 เขตปลอดบุหรี่^xนโยบายของรัฐ
650  7 ควันบุหรี่
650  7 นโยบายสาธารณสุข
700 0  อมรรัตน์ โพธิพรรค,^eผู้แปล
700 0  มณฑา เก่งการพานิช
700 0  ลักขณา เติมศิริกุลชัย
710 2  องค์การอนามัยโลก
710 2  ศูนย์วิจัยและจัดการความรู้เพื่อการควบคุมยาสูบ (ศจย.)
710 2  สำนักงานกองทุนสนับสนุนการสร้างเสริมสุขภาพ (สสส.)
945    ^p0^l0^i023228
945    ^p0^l0^i023227
995    ทศพร
999 ^a ใช้งานได้ทุกระบบ
รายการนี้ยังไม่มีแท็ก
คุณยังไม่ได้ล็อกอิน คุณสามารถมีกิจกรรมร่วมกับเว็บไซต์ได้ แต่ต้องล็อกอินก่อน ::
  ล็อกอิน

รายการสื่อสารสนเทศ

ลำดับที่ ประเภท เลขเรียก/บาร์โค้ด สถานที่ สถานะ
- ไม่พบข้อมูล -

รายการใกล้เคียง
    หัวเรื่อง [นโยบายสาธารณสุข]

BibComment


ยังไม่เคยถูกคอมเมนท์

คอมเมนท์ทรัพยากรรายการนี้
  คอมเมนท์: การคุ้มครองสุขภาพ..


 Copyright 2026. Bcnsprnw @Library